It looks like you're offline.
Open Library logo
additional options menu

MARC record from Internet Archive

LEADER: 01679cam 2200397Mi 4500
001 ocn758897251
003 OCoLC
005 20220316182142.0
008 110328s2010 fr ab g 000 1 fre d
040 $aZWZ$bfre$encafnor$cZWZ$dBDF$dCA7GT$dKCP$dOCLCQ
016 7 $aFRBNF423010610000006$2FrPBN
020 $a9782290022177$q(br)
020 $a2290022179$q(br)
035 $a(OCoLC)758897251
041 1 $afre$heng
082 04 $a818/.54 M381t
100 1 $aMartin, George R. R.$d(1948- ...).,$eAuteur.
245 13 $aLe trône de fer :$bl'intégrale.$n4$h[Texte imprimé] /$cGeorge R.R. Martin ; traduit de l'américain par Jean Sola.
260 $aParis :$bJ'ai lu,$cimpr. 2010$e(impr. en Italie)
300 $a1 vol. (894 p.) :$bcartes, couv. ill. en coul. ;$c19 cm.
336 $atexte$btxt$2rdacontent/fre
337 $asans médiation$bn$2rdamedia/fre
490 0 $aJ'ai lu
500 $aRéunit : "Le chaos" ; "Les sables de Dorne" ; "Un festin pour les corbeaux."
505 0 $aLe chaos -- Les sables de Dorne -- Un festin pour les corbeaux.
520 8 $aDans un Moyen Âge indéterminé quant à l'époque et à la géographie, un récit épique et chevaleresque dont les exploits se sont mérité le prix Locus 1997. [SDM].
700 1 $aSola, Jean,$eTraduction.
765 0 $tA storm of swords
773 0 $tTrône de fer$g4
830 0 $aJ'ai lu.
856 42 $3Notice et cote du catalogue de la Bibliothèque nationale de France$uhttp://catalogue.bnf.fr/ark:/12148/cb42301061q
029 0 $aZWZ$b151096708
029 1 $aBDF$bFRBNF423010610000006
029 1 $aFRMCM$bFRMCM1/889060
994 $aZ0$bP4A
948 $hNO HOLDINGS IN P4A - 53 OTHER HOLDINGS